Asbestos: legal requirements and best practice for property professionals and clients, (Record no. 121263)
[ view plain ]
| 000 -LEADER | |
|---|---|
| fixed length control field | 01727nam a22002537a 4500 |
| 008 - FIXED-LENGTH DATA ELEMENTS--GENERAL INFORMATION | |
| fixed length control field | 141222s2021 xxk|||||o|||| 00| 0 eng d |
| 020 ## - INTERNATIONAL STANDARD BOOK NUMBER | |
| ISBN | 9781783214228 |
| 041 ## - LANGUAGE CODE | |
| Language code of text/sound track or separate title | eng |
| 110 ## - MAIN ENTRY--CORPORATE NAME | |
| Corporate author | Royal Institution of Chartered Surveyors |
| 245 ## - TITLE STATEMENT | |
| Title | Asbestos: legal requirements and best practice for property professionals and clients, |
| Subtitle | RICS guidance note |
| Statement of responsibility, etc | Effective from 6 August 2021 |
| Medium | [Electronic resource] |
| 250 ## - EDITION | |
| Edition statement | 4th |
| 260 ## - PUBLICATION INFORMATION | |
| Place of publication | London, |
| Publisher | Royal Institution of Chartered Surveyors, |
| Date | May 2021 |
| 300 ## - PHYSICAL DESCRIPTION | |
| Physical description | 60p |
| 490 ## - SERIES TITLE | |
| Series statement | RICS guidance note |
| 520 ## - ABSTRACT | |
| Abstract | This guidance note contains a comprehensive overview of the legislation and industry guidance that govern the complex subject of asbestos. It provides guidance on the dangers asbestos poses to health and businesses, and sets out best practice advice to assist property professionals in complying with the regulations and implementing an effective management plan to ensure that they do not put themselves or others at risk. The guidance note is not intended to advise members specially in the undertaking of asbestos surveys. Guidance on such surveys is set out in the HSE publication HSG264 Asbestos: The survey guide. https://www.hse.gov.uk/pubns/books/hsg264.htm<br/> |
| 520 ## - ABSTRACT | |
| Abstract | Replaces 3rd edition (ISBN 9781842197240) |
| 650 ## - KEYWORDS | |
| Keywords | Asbestos |
| 650 ## - KEYWORDS | |
| Keywords | Building Surveying |
| 651 ## - SUBJECT ADDED ENTRY--GEOGRAPHIC NAME | |
| Geographic name | United Kingdom |
| 690 ## - BROAD SUBJECT | |
| 9 (RLIN) | 6225 |
| Broad subject | Building surveying |
| 710 ## - ADDED CORPORATE NAME | |
| Added corporate author | Royal Institution of Chartered Surveyors |
| 856 ## - ONLINE RESOURCE | |
| Uniform Resource Identifier | <a href="https://www.rics.org/content/dam/ricsglobal/documents/standards/May_2021_Asbestos_Legal_Requirements_And_Best_Practice_For_Property_Professionals_And_Clients_4th_Edition.pdf">https://www.rics.org/content/dam/ricsglobal/documents/standards/May_2021_Asbestos_Legal_Requirements_And_Best_Practice_For_Property_Professionals_And_Clients_4th_Edition.pdf</a> |
| Public note | Available free on RICS.org |
| 942 ## - ADDED ENTRY ELEMENTS (KOHA) | |
| Suppress in OPAC | Do not suppress in OPAC |
| Lost status | Damaged status | Not for loan | Home library | Current library | Date acquired | Total Checkouts | Date last seen | Price effective from | Koha item type |
|---|---|---|---|---|---|---|---|---|---|
| Virtual | Virtual | 14/12/2022 | 14/12/2022 | 14/12/2022 | Online material |